Matemàtiques PPACFGS : Centre de Formació d'Adults Can Batlló : preparació a la Prova d'Accés a Cicles Formatius de Grau Superior Centre de Formació d'Adults Can Batlló :
Publicado:
Barcelona :
Diputació de Barcelona. Àrea d'Educació. Gerència de serveis d'Educació, [s.a.]
Descripción Física:
101 p. ; 29 cm
MARC
| LEADER | 00000nam a2200000Ia 4500 | ||
|---|---|---|---|
| 001 | 23628 | ||
| 008 | 160829s9999 xx 000 0 cat d | ||
| 080 | |a Bib-6 | ||
| 245 | |a Matemàtiques PPACFGS : |b Centre de Formació d'Adults Can Batlló : |b preparació a la Prova d'Accés a Cicles Formatius de Grau Superior | ||
| 260 | |a Barcelona : |b Diputació de Barcelona. Àrea d'Educació. Gerència de serveis d'Educació, [s.a.] | ||
| 300 | |a 101 p. ; |c 29 cm | ||
| 650 | |a Universitat de Barcelona |x Proves d'accès |9 49537 | ||
| 710 | |a Barcelona (Catalunya : Província). |b Gerència de Serveis d'Educació |9 52167 | ||
| 710 | 2 | |a Centre de Formació d'Adults Can Batlló |9 55011 | |
| 901 | |a Arxiu | ||
| 942 | |n 1 | ||
| 952 | |0 0 |1 0 |4 0 |6 BIB6 |7 1 |9 55803 |a Arxiu |b Arxiu |d 2016-12-01 |l 0 |o Bib-6 |p 23628 |r 2016-12-01 00:00:00 |w 2016-12-01 |y ARXIU | ||
| 999 | |c 59676 |d 59676 | ||